[Event "VIII C.to Europeo a squadre femminile"]
[Site "Novi Sad SRB"]
[Date "2009.10.27"]
[Round "6.4"]
[White "Chierici, Marianna"]
[Black "Novak, Ksenija"]
[Result "0-1"]
[WhiteElo "2053"]
[BlackElo "2204"]
[Annotator "ITA-SLO"]
[PlyCount "94"]
[EventDate "2009.10.22"]

1. e4 g6 2. d4 Bg7 3. Nc3 d6 4. f4 Nf6 5. Nf3 O-O 6. Bd3 Na6 7. O-O c5 8. d5
Bg4 9. h3 Bxf3 10. Qxf3 Nb4 11. Kh1 Nxd3 12. Qxd3 Nd7 13. Bd2 a6 14. a4 b6 15.
Rae1 Qc7 16. b3 c4 17. Qg3 Rac8 18. Rf3 cxb3 19. cxb3 Qb8 20. h4 h5 21. Qg5 Bf6
22. Qh6 Bg7 23. Qg5 Bf6 24. Qg3 Bg7 25. Nd1 b5 26. Nf2 bxa4 27. bxa4 Rc2 28.
Bc3 Bxc3 29. Rxc3 Qb2 30. Rxc2 Qxc2 31. Qf3 Rb8 32. Re2 Qxa4 33. g4 hxg4 34.
Qxg4 Nf6 35. Qg2 Qc4 36. Nh3 Rb3 37. Kh2 Kf8 38. Ng5 Nh5 39. Rc2 Rc3 40. Rf2
Qd4 41. Rf1 a5 42. Nh3 a4 43. e5 dxe5 44. f5 Rg3 45. Qc2 Qxh4 46. Qc8+ Kg7 47.
fxg6 Nf4 0-1

[Event "VIII C.to Europeo a squadre femminile"]
[Site "Novi Sad SRB"]
[Date "2009.10.28"]
[Round "7.1"]
[White "Zimina, Olga"]
[Black "Houska, Jovanka"]
[Result "1/2-1/2"]
[WhiteElo "2319"]
[BlackElo "2381"]
[Annotator "ITA-ENG"]
[PlyCount "52"]
[EventDate "2009.10.22"]

1. e4 c6 2. d4 d5 3. Nc3 dxe4 4. Nxe4 Bf5 5. Ng3 Bg6 6. h4 h6 7. Nf3 Nd7 8. h5
Bh7 9. Bd3 Bxd3 10. Qxd3 e6 11. Bf4 Qa5+ 12. Bd2 Bb4 13. c3 Be7 14. c4 Qc7 15.
O-O-O Ngf6 16. Kb1 O-O 17. Qc2 Rfd8 18. Rh4 Rac8 19. Ne2 c5 20. Rc1 cxd4 21.
Nexd4 Nc5 22. Bc3 a6 23. Re1 Nh7 24. Rg4 Nf6 25. Rh4 Nh7 26. Rg4 Nf6 1/2-1/2

[Event "VIII C.to Europeo a squadre femminile"]
[Site "Novi Sad SRB"]
[Date "2009.10.28"]
[Round "7.2"]
[White "Lauterbach, Ingrid"]
[Black "Brunello, Marina"]
[Result "1/2-1/2"]
[WhiteElo "2163"]
[BlackElo "2162"]
[Annotator "ITA-ENG"]
[PlyCount "91"]
[EventDate "2009.10.22"]

1. e4 c5 2. g3 d6 3. Bg2 Nc6 4. c3 g6 5. f4 Bg7 6. Nf3 Qc7 7. O-O e6 8. d3 Nge7
9. Be3 b6 10. Na3 Bb7 11. d4 cxd4 12. Nb5 Qd7 13. Nbxd4 Nxd4 14. Bxd4 f6 15.
Re1 O-O 16. Qb3 Nc6 17. f5 Rae8 18. Bh3 Nd8 19. Rad1 Kh8 20. fxg6 hxg6 21. Nh4
Qf7 22. Bg2 g5 23. Nf3 Nc6 24. Bf2 Qc7 25. Nd4 Nxd4 26. Bxd4 Qe7 27. Bf2 f5 28.
Qa3 fxe4 29. Qxa7 Ra8 30. Qxb6 Rxa2 31. Bxe4 Bxe4 32. Rxe4 Bxc3 33. Bd4+ Bxd4+
34. Qxd4+ e5 35. Qb6 Qf6 36. Ree1 d5 37. Qxf6+ Rxf6 38. Rxe5 Rxb2 39. Rdxd5 Ra6
40. Rd8+ Kh7 41. Rd1 Raa2 42. Re6 Kg7 43. h4 gxh4 44. gxh4 Rg2+ 45. Kf1 Rgf2+
46. Kg1 1/2-1/2

[Event "VIII C.to Europeo a squadre femminile"]
[Site "Novi Sad SRB"]
[Date "2009.10.28"]
[Round "7.3"]
[White "Ambrosi, Eleonora"]
[Black "Regan, Natasha K."]
[Result "1/2-1/2"]
[WhiteElo "2159"]
[BlackElo "2170"]
[Annotator "ITA-ENG"]
[PlyCount "87"]
[EventDate "2009.10.22"]

1. e4 Nf6 2. e5 Nd5 3. d4 d6 4. Nf3 dxe5 5. Nxe5 c6 6. Be2 Bf5 7. O-O h6 8. a3
Nd7 9. Nf3 Qc7 10. c4 Nf4 11. Nc3 e6 12. d5 Be7 13. Nd4 Nc5 14. Nxf5 Nxe2+ 15.
Qxe2 exf5 16. Qc2 g6 17. b4 Nd7 18. c5 Bf6 19. d6 Qd8 20. Re1+ Kf8 21. Bb2 Kg7
22. Re2 Re8 23. Rae1 Rxe2 24. Rxe2 b6 25. Na4 bxc5 26. Nxc5 Bxb2 27. Qxb2+ Kg8
28. Re7 Nxc5 29. bxc5 Rb8 30. Qa2 Qf8 31. Rxa7 Qg7 32. g3 Rb2 33. Qc4 Rd2 34.
d7 Qf6 35. Qf4 Rd1+ 36. Kg2 Kg7 37. Qc7 Qe6 38. d8=Q Qe4+ 39. Kh3 Qg4+ 40. Kg2
Qe4+ 41. f3 Qe2+ 42. Kh3 Qf1+ 43. Kh4 Qc4+ 44. Kh3 1/2-1/2

[Event "VIII C.to Europeo a squadre femminile"]
[Site "Novi Sad SRB"]
[Date "2009.10.28"]
[Round "7.4"]
[White "Chevannes, Sabrina L."]
[Black "Chierici, Marianna"]
[Result "0-1"]
[WhiteElo "2062"]
[BlackElo "2053"]
[Annotator "ITA-ENG"]
[PlyCount "60"]
[EventDate "2009.10.22"]

1. d4 f5 2. h3 Nf6 3. g4 fxg4 4. hxg4 Nxg4 5. Qd3 g6 6. Rxh7 Rxh7 7. Qxg6+ Rf7
8. Qxg4 d5 9. Qh5 Qd6 10. Nf3 Qf6 11. Qxd5 Nc6 12. Nc3 Bg4 13. Ne4 Qg7 14. Ne5
Nxe5 15. dxe5 c6 16. Qb3 Qxe5 17. Qxb7 Rb8 18. Qxc6+ Bd7 19. Qg6 Rb6 20. Qg2
Bc6 21. f3 Bxe4 22. fxe4 Rg7 23. Qf3 Rf6 24. Qb3 Qxe4 25. Qb5+ Kf7 26. Qb3+ e6
27. Be3 Rg3 28. O-O-O Rxe3 29. Qb8 Qf4 30. Qxa7+ Be7 0-1

[Event "VIII C.to Europeo a squadre femminile"]
[Site "Novi Sad SRB"]
[Date "2009.10.29"]
[Round "8.2"]
[White "Milovic, Aleksandra"]
[Black "Zimina, Olga"]
[Result "0-1"]
[WhiteElo "2173"]
[BlackElo "2319"]
[Annotator "ITA-MNE"]
[PlyCount "78"]
[EventDate "2009.10.22"]

1. e4 e5 2. Nf3 Nc6 3. Bc4 Bc5 4. O-O Nf6 5. d4 Bxd4 6. Nxd4 Nxd4 7. f4 d6 8.
fxe5 dxe5 9. Bg5 Qe7 10. c3 Ne6 11. Bxf6 gxf6 12. Na3 Rg8 13. Kh1 Bd7 14. Nc2
O-O-O 15. Ne3 Bc6 16. Bd5 Qc5 17. Qe1 Nf4 18. b4 Qb6 19. c4 Bxd5 20. exd5 Kb8
21. a4 Qd4 22. a5 Qe4 23. Qf2 c6 24. a6 cxd5 25. cxd5 Nxd5 26. Nxd5 Qxd5 27. b5
b6 28. h3 f5 29. Qe2 e4 30. Rad1 Qe6 31. Qe3 Qe5 32. Rxd8+ Rxd8 33. Qg5 Re8 34.
Rxf5 Qc7 35. Qg7 Qc1+ 36. Kh2 Qc7+ 37. Kh1 Rd8 38. Qxf7 Rd1+ 39. Rf1 Qxf7 0-1

[Event "VIII C.to Europeo a squadre femminile"]
[Site "Novi Sad SRB"]
[Date "2009.10.29"]
[Round "8.3"]
[White "Brunello, Marina"]
[Black "Stojanovic, Marija R."]
[Result "1/2-1/2"]
[WhiteElo "2162"]
[BlackElo "2172"]
[Annotator "ITA-MNE"]
[PlyCount "81"]
[EventDate "2009.10.22"]

1. e4 c5 2. d4 cxd4 3. Nf3 d6 4. c3 d3 5. Bxd3 Nf6 6. c4 e6 7. Nc3 Be7 8. O-O
O-O 9. Qe2 a6 10. Rd1 Qc7 11. Bf4 Nh5 12. Be3 Nd7 13. Rac1 b6 14. Bb1 Nhf6 15.
Nd4 Bb7 16. f4 Rfe8 17. Bf2 Rac8 18. b3 Nf8 19. f5 N6d7 20. Qg4 Ne5 21. Qh3 Bf6
22. fxe6 fxe6 23. Ndb5 axb5 24. Nxb5 Qc6 25. Nxd6 Bg5 26. Nxc8 Bxc8 27. Rc2
Nfg6 28. Be3 Bf6 29. Rcd2 Be7 30. Kh1 Nf7 31. Qg3 e5 32. Qf2 Nd6 33. Rd5 Rf8
34. Qd2 Nb7 35. Qc2 Nf4 36. Rxe5 Ng6 37. Red5 Be6 38. R5d2 Bg4 39. Rc1 Bd6 40.
Rf2 Re8 41. Qd2 1/2-1/2

[Event "VIII C.to Europeo a squadre femminile"]
[Site "Novi Sad SRB"]
[Date "2009.10.29"]
[Round "8.4"]
[White "Blagojevic, Lidija"]
[Black "Ambrosi, Eleonora"]
[Result "0-1"]
[WhiteElo "2046"]
[BlackElo "2159"]
[Annotator "ITA-MNE"]
[PlyCount "88"]
[EventDate "2009.10.22"]

1. e4 c5 2. Nf3 Nc6 3. d3 d6 4. Nbd2 g6 5. Be2 Bg7 6. O-O Nf6 7. Re1 O-O 8. c3
e5 9. a3 d5 10. b4 Qe7 11. Qc2 b6 12. Bf1 d4 13. cxd4 Nxd4 14. Nxd4 cxd4 15.
Nb3 Be6 16. Bd2 Nd7 17. g3 h5 18. h3 f5 19. exf5 Rac8 20. Qd1 Rxf5 21. Bg2 Qf7
22. Nc1 Rxf2 23. Rf1 Rxf1+ 24. Qxf1 Qxf1+ 25. Kxf1 Rc2 26. Bg5 Bf6 27. Bxf6
Nxf6 28. a4 Nd5 29. Bxd5 Bxd5 30. Ne2 Be6 31. Ng1 Bf5 32. Ra3 Kf7 33. a5 b5 34.
a6 Kf6 35. Ke1 Rb2 36. Nf3 Bxh3 37. Nd2 Bf5 38. Nb3 Bxd3 39. Nc5 Bf5 40. Nb3
Be6 41. Nc5 Rxb4 42. Rf3+ Bf5 43. Rb3 Rxb3 44. Nxb3 g5 0-1

[Event "VIII C.to Europeo a squadre femminile"]
[Site "Novi Sad SRB"]
[Date "2009.10.30"]
[Round "9.2"]
[White "Zimina, Olga"]
[Black "Michna, Marta"]
[Result "1/2-1/2"]
[WhiteElo "2319"]
[BlackElo "2366"]
[Annotator "ITA-GER"]
[PlyCount "34"]
[EventDate "2009.10.22"]

1. e4 e6 2. d4 d5 3. Nd2 Nf6 4. e5 Nfd7 5. Bd3 c5 6. c3 b6 7. Ngf3 Ba6 8. Bxa6
Nxa6 9. Qe2 Nc7 10. Nf1 Qc8 11. Ng3 Qa6 12. Qe3 cxd4 13. Nxd4 Nc5 14. Qe2 Nd3+
15. Kd2 Nxc1 16. Rhxc1 Qxe2+ 17. Kxe2 h5 1/2-1/2

[Event "VIII C.to Europeo a squadre femminile"]
[Site "Novi Sad SRB"]
[Date "2009.10.30"]
[Round "9.3"]
[White "Schoene, Maria"]
[Black "Brunello, Marina"]
[Result "1/2-1/2"]
[WhiteElo "2274"]
[BlackElo "2162"]
[Annotator "ITA-GER"]
[PlyCount "37"]
[EventDate "2009.10.22"]

1. e4 c5 2. Nf3 Nf6 3. e5 Nd5 4. Nc3 e6 5. Bc4 Nxc3 6. dxc3 d5 7. exd6 Bxd6 8.
Qe2 Qc7 9. O-O a6 10. a4 b6 11. Bg5 O-O 12. Rad1 h6 13. Bh4 Bb7 14. Rd3 Nd7 15.
Rfd1 Bxf3 16. Rxf3 Ne5 17. Rh3 Nxc4 18. Qxc4 Be5 19. Rhd3 1/2-1/2

[Event "VIII C.to Europeo a squadre femminile"]
[Site "Novi Sad SRB"]
[Date "2009.10.30"]
[Round "9.4"]
[White "Ambrosi, Eleonora"]
[Black "Ohme, Melanie"]
[Result "0-1"]
[WhiteElo "2159"]
[BlackElo "2310"]
[Annotator "ITA-GER"]
[PlyCount "56"]
[EventDate "2009.10.22"]

1. e4 c5 2. c3 Nf6 3. e5 Nd5 4. g3 d6 5. exd6 Qxd6 6. Bg2 Nc6 7. Ne2 Bg4 8. O-O
e5 9. Na3 O-O-O 10. h3 Bf5 11. d4 Qe6 12. c4 Nb6 13. d5 Qd7 14. Bg5 Ne7 15. Be3
Bxh3 16. Bxc5 h5 17. Bxb6 axb6 18. Nb5 Kb8 19. a4 Bxg2 20. Kxg2 h4 21. Rh1 Qg4
22. Qd3 Nf5 23. a5 e4 24. Qd1 Qf3+ 25. Kg1 e3 26. Rh2 hxg3 27. fxg3 Rxh2 28.
Kxh2 Bd6 0-1

[Event "C.to Mondiale U20"]
[Site "Puerto Madryn ARG"]
[Date "2009.10.22"]
[Round "1"]
[White "Aharon, Ofir"]
[Black "Vocaturo, Daniele"]
[Result "0-1"]
[WhiteElo "2192"]
[BlackElo "2510"]
[PlyCount "90"]
[EventDate "2009.10.22"]

1. e4 c5 2. Nf3 d6 3. d4 cxd4 4. Nxd4 Nf6 5. Nc3 g6 6. Be3 Bg7 7. f3 O-O 8. Bc4
Nc6 9. Bb3 Bd7 10. h4 Qa5 11. Qd2 Rfc8 12. O-O-O Ne5 13. Kb1 Nc4 14. Bxc4 Rxc4
15. Nb3 Qc7 16. g4 Rc8 17. e5 Ne8 18. Nd5 Qd8 19. exd6 Nxd6 20. c3 R4c6 21. Qh2
Nc4 22. h5 Nxe3 23. Nxe3 g5 24. Nd4 Rd6 25. h6 Rxh6 26. Qc2 Rxh1 27. Rxh1 h6
28. Qe4 Bc6 29. Nxc6 Rxc6 30. Nf5 Bf8 31. Nd4 Rb6 32. f4 Qc7 33. fxg5 Qxc3 34.
Nb3 Qc6 35. Qxc6 Rxc6 36. gxh6 Bxh6 37. Rd1 Rc7 38. Rd5 e6 39. Rh5 Bg7 40. Nd2
Rd7 41. Nc4 Rd4 42. Rc5 Rxg4 43. b3 Rg1+ 44. Kc2 Rg2+ 45. Kd3 Rxa2 0-1

[Event "C.to Mondiale U20"]
[Site "Puerto Madryn ARG"]
[Date "2009.10.22"]
[Round "1"]
[White "Meza, Hugo"]
[Black "Brunello, Sabino"]
[Result "1-0"]
[WhiteElo "2276"]
[BlackElo "2533"]
[PlyCount "55"]
[EventDate "2009.10.22"]

1. d4 Nf6 2. c4 e6 3. Nc3 Bb4 4. e3 O-O 5. Nge2 d5 6. a3 Be7 7. cxd5 exd5 8.
Nf4 Re8 9. Bd3 a5 10. O-O g6 11. Qc2 c6 12. f3 c5 13. dxc5 Bxc5 14. Rd1 Rxe3
15. Kh1 Re5 16. Ncxd5 Nbd7 17. Nxf6+ Qxf6 18. Be4 Bd6 19. Be3 Bc5 20. Bd2 Bd4
21. Nd5 Rxd5 22. Bxd5 Bxb2 23. Rab1 Be5 24. f4 Bd6 25. Qc4 Nc5 26. Be3 Ne6 27.
Bxe6 Bxe6 28. Rxd6 1-0

[Event "C.to Mondiale U20"]
[Site "Puerto Madryn ARG"]
[Date "2009.10.23"]
[Round "2"]
[White "Brunello, Sabino"]
[Black "Hugaert, Arthur"]
[Result "1-0"]
[WhiteElo "2533"]
[BlackElo "2066"]
[PlyCount "97"]
[EventDate "2009.10.22"]

1. d4 d5 2. c4 c6 3. Nf3 Nf6 4. Qb3 dxc4 5. Qxc4 b5 6. Qc2 Bb7 7. e4 e6 8. Nc3
b4 9. Na4 Nbd7 10. Be3 Qa5 11. b3 c5 12. Nd2 Ng4 13. Bf4 cxd4 14. Nc4 Qd8 15.
Rd1 e5 16. Qe2 exf4 17. Qxg4 Qf6 18. Na5 Ne5 19. Bb5+ Ke7 20. Qe2 f3 21. gxf3
Qxf3 22. Qxf3 Nxf3+ 23. Ke2 Bxe4 24. Bc6 Ng5 25. Bxe4 Nxe4 26. Rxd4 f5 27. f3
Nc3+ 28. Nxc3 bxc3 29. Nc6+ Kf6 30. Rc1 Ba3 31. Rxc3 Rhe8+ 32. Kf1 Rac8 33. Ra4
Bb2 34. Rc2 Be5 35. Rxa7 Re6 36. Ra6 Bxh2 37. b4 Bf4 38. b5 Rce8 39. Nb4 Bd6
40. Nd3 h5 41. a4 g5 42. Rcc6 Bg3 43. a5 Rxc6 44. Rxc6+ Ke7 45. a6 Bd6 46. a7
Kd7 47. Nc5+ Bxc5 48. Rxc5 Kd6 49. Rc1 1-0

[Event "C.to Mondiale U20"]
[Site "Puerto Madryn ARG"]
[Date "2009.10.23"]
[Round "2"]
[White "Vocaturo, Daniele"]
[Black "Ibarra Chami, Luis Fernando"]
[Result "1/2-1/2"]
[WhiteElo "2510"]
[BlackElo "2393"]
[PlyCount "112"]
[EventDate "2009.10.22"]

1. e4 e5 2. Nf3 Nc6 3. Bc4 Nf6 4. d3 Bc5 5. c3 d6 6. Bb3 a6 7. O-O Ba7 8. Re1
h6 9. Nbd2 Ne7 10. Nf1 O-O 11. Ng3 Ng6 12. h3 Re8 13. d4 exd4 14. cxd4 c5 15.
dxc5 Bxc5 16. Be3 Be6 17. Rc1 Nxe4 18. Nxe4 Bxb3 19. Qxb3 Rxe4 20. Bxc5 Rxe1+
21. Rxe1 dxc5 22. Qxb7 Rb8 23. Qxa6 Rxb2 24. Qc4 Qf6 25. Re4 Rb1+ 26. Re1 Rxe1+
27. Nxe1 Qa1 28. Kf1 Ne5 29. Qc2 c4 30. Ke2 c3 31. Qb3 Qb2+ 32. Nc2 Nd7 33.
Qxb2 cxb2 34. Na3 Nf6 35. Nb1 Kf8 36. Kd3 Ke7 37. Nc3 Nd7 38. Kc2 Nc5 39. Kxb2
Nd3+ 40. Kb3 Nf4 41. Kc4 Nxg2 42. Kc5 Kd7 43. Kb6 Nf4 44. a4 Kc8 45. a5 Kb8 46.
a6 Ka8 47. Nb5 Nd5+ 48. Kc6 Nf4 49. h4 h5 50. Kb6 Nd5+ 51. Kc5 Nf4 52. Kd6 f6
53. Nd4 g5 54. Nf5 Ka7 55. Ke7 Nd3 56. f3 Ne1 1/2-1/2

[Event "C.to Mondiale U20"]
[Site "Puerto Madryn ARG"]
[Date "2009.10.23"]
[Round "3"]
[White "Lalith, Babu M.R."]
[Black "Vocaturo, Daniele"]
[Result "1-0"]
[WhiteElo "2477"]
[BlackElo "2510"]
[PlyCount "90"]
[EventDate "2009.10.22"]

1. Nf3 Nf6 2. c4 e6 3. Nc3 d5 4. d4 Be7 5. Bg5 O-O 6. e3 h6 7. Bh4 b6 8. Be2
Bb7 9. Bxf6 Bxf6 10. cxd5 exd5 11. O-O Qe7 12. Qb3 Rd8 13. Rad1 c5 14. dxc5
Bxc3 15. c6 Nxc6 16. Qxc3 Rac8 17. Qd2 Qe4 18. Bd3 Qg4 19. h3 Qh5 20. Bb1 Ne5
21. Nd4 Nc4 22. Qb4 Qe5 23. b3 a5 24. Qc3 Nd6 25. Qd3 g6 26. Rc1 Rc5 27. Qd2
Rdc8 28. Rxc5 bxc5 29. Nf3 Qf6 30. Rd1 Nb5 31. Re1 Nc3 32. Bd3 h5 33. h4 Rd8
34. Ng5 Kg7 35. Rc1 d4 36. exd4 cxd4 37. Bc4 Ne4 38. Nxe4 Bxe4 39. Qxa5 d3 40.
Rd1 Rd6 41. a4 Bf5 42. Qe1 Rd4 43. a5 Qxh4 44. a6 Qd8 45. Bb5 Rd5 1-0

[Event "C.to Mondiale U20"]
[Site "Puerto Madryn ARG"]
[Date "2009.10.23"]
[Round "3"]
[White "Salinas Herrera, Pablo"]
[Black "Stella, Andrea"]
[Result "1-0"]
[WhiteElo "2129"]
[BlackElo "2330"]
[PlyCount "30"]
[EventDate "2009.10.22"]

1. e4 e6 2. d4 d5 3. Nc3 Bb4 4. e5 b6 5. Qg4 Bf8 6. Be3 Qd7 7. O-O-O Nc6 8. h4
Bb7 9. h5 O-O-O 10. f4 f5 11. Qg3 Kb8 12. Nh3 Na5 13. Nf2 c5 14. Ne2 Rc8 15.
Kb1 Ne7 1-0

[Event "C.to Mondiale U20"]
[Site "Puerto Madryn ARG"]
[Date "2009.10.23"]
[Round "3"]
[White "Schiendorfer, Emanuel"]
[Black "Brunello, Sabino"]
[Result "1-0"]
[WhiteElo "2311"]
[BlackElo "2533"]
[PlyCount "59"]
[EventDate "2009.10.22"]

1. d4 Nf6 2. c4 e6 3. Nf3 b6 4. g3 Ba6 5. b3 d5 6. cxd5 exd5 7. Bg2 Bb4+ 8. Bd2
Bd6 9. Nc3 Nbd7 10. Nh4 c6 11. Nf5 Bf8 12. O-O g6 13. Nh6 Ba3 14. Re1 Kf8 15.
e4 Bb2 16. exd5 Bxc3 17. dxc6 Bxa1 18. cxd7 Kg7 19. Ng4 Nxg4 20. Qxg4 Qf6 21.
Qf4 Qxf4 22. Bxf4 Bxd4 23. Bxa8 Bb5 24. Bb7 Bf6 25. Rd1 a5 26. Bc7 Bd8 27. Bd6
h5 28. f3 g5 29. Kf2 Rh6 30. a4 1-0

[Event "C.to Mondiale U20"]
[Site "Puerto Madryn ARG"]
[Date "2009.10.24"]
[Round "4"]
[White "Garnelis, Julius"]
[Black "Brunello, Sabino"]
[Result "0-1"]
[WhiteElo "2228"]
[BlackElo "2533"]
[PlyCount "42"]
[EventDate "2009.10.22"]

1. e4 e5 2. Nf3 Nc6 3. Bc4 Bc5 4. c3 Nf6 5. d3 O-O 6. O-O d5 7. exd5 Nxd5 8.
Re1 Bg4 9. h3 Bh5 10. g4 Bg6 11. Nxe5 Nxe5 12. Rxe5 c6 13. Qf3 Bd6 14. Re2 Kh8
15. Bxd5 cxd5 16. Na3 f5 17. g5 f4 18. h4 Qd7 19. Bd2 Bxd3 20. Qxd3 f3 21. Be3
Qh3 0-1

[Event "C.to Mondiale U20"]
[Site "Puerto Madryn ARG"]
[Date "2009.10.24"]
[Round "4"]
[White "Stella, Andrea"]
[Black "Cuberli, Emiliano"]
[Result "0-1"]
[WhiteElo "2330"]
[BlackElo "2161"]
[PlyCount "68"]
[EventDate "2009.10.22"]

1. d4 Nf6 2. c4 g6 3. Nc3 Bg7 4. e4 d6 5. Bd3 O-O 6. Nge2 e5 7. d5 c6 8. O-O
cxd5 9. cxd5 a6 10. h3 Nbd7 11. Be3 Nh5 12. Qd2 f5 13. exf5 gxf5 14. f4 Kh8 15.
Rad1 b5 16. fxe5 Nxe5 17. Nf4 Ng3 18. Rfe1 b4 19. Nce2 Ne4 20. Qxb4 a5 21. Qb6
Qh4 22. Rf1 Nxd3 23. Nxd3 Ba6 24. Bd4 Rg8 25. Ndf4 Be5 26. Rde1 Bc4 27. Qc7
Bxd4+ 28. Nxd4 Bxf1 29. Rxf1 Qf6 30. Nfe6 Qe5 31. Qc2 Ng3 32. Nf3 Qe3+ 33. Rf2
Rac8 34. Qd2 Rc1+ 0-1

[Event "C.to Mondiale U20"]
[Site "Puerto Madryn ARG"]
[Date "2009.10.24"]
[Round "4"]
[White "Vocaturo, Daniele"]
[Black "Dimuro, Matias"]
[Result "1-0"]
[WhiteElo "2510"]
[BlackElo "2214"]
[PlyCount "105"]
[EventDate "2009.10.22"]

1. e4 c5 2. Nf3 Nc6 3. Nc3 Nf6 4. e5 Ng4 5. Qe2 g6 6. h3 Nh6 7. g4 Bg7 8. Bg2
O-O 9. d3 f6 10. exf6 exf6 11. O-O Nf7 12. Bf4 d6 13. Rad1 f5 14. g5 Re8 15.
Qd2 Be6 16. Be3 Qd7 17. h4 f4 18. Bxf4 Bg4 19. Rde1 Rf8 20. Nh2 Bh3 21. Bg3
Bxg2 22. Kxg2 d5 23. Nd1 d4 24. f3 Nb4 25. a3 Nd5 26. Ng4 Nd6 27. Bxd6 Qxd6 28.
Ndf2 Nf4+ 29. Kh1 Nh5 30. Ne4 Qc7 31. Qh2 Rf4 32. Nef6+ Bxf6 33. gxf6 Qc6 34.
Re4 Qd6 35. Rfe1 Rf8 36. Rxf4 Qxf4 37. Qxf4 Nxf4 38. Re7 h5 39. Nh6+ Kh8 40.
Nf7+ Kg8 41. Ng5 Rxf6 42. Rxb7 Ne6 43. Rxa7 Nxg5 44. hxg5 Rxf3 45. Rc7 Rf1+ 46.
Kg2 Rf5 47. a4 Rxg5+ 48. Kh2 Re5 49. a5 Re2+ 50. Kg3 Re6 51. Rxc5 Rf6 52. b4
Rf1 53. a6 1-0

[Event "C.to Mondiale U20"]
[Site "Puerto Madryn ARG"]
[Date "2009.10.25"]
[Round "5"]
[White "Brunello, Sabino"]
[Black "Stavrianakis, Ioannis"]
[Result "1/2-1/2"]
[WhiteElo "2533"]
[BlackElo "2273"]
[PlyCount "36"]
[EventDate "2009.10.22"]

1. d4 Nf6 2. c4 e6 3. g3 Bb4+ 4. Bd2 Bxd2+ 5. Qxd2 d5 6. Bg2 Nbd7 7. Nf3 Qe7 8.
O-O O-O 9. Nc3 c6 10. Rac1 Ne4 11. Qf4 f6 12. Ne1 e5 13. Qe3 exd4 14. Qxd4 Qe5
15. Nf3 Qxd4 16. Nxd4 Nd2 17. Rfd1 Nxc4 18. Ne6 Rf7 1/2-1/2

[Event "C.to Mondiale U20"]
[Site "Puerto Madryn ARG"]
[Date "2009.10.25"]
[Round "5"]
[White "Ramos De Matos, Vasco Miguel"]
[Black "Stella, Andrea"]
[Result "1/2-1/2"]
[WhiteElo "1915"]
[BlackElo "2330"]
[PlyCount "92"]
[EventDate "2009.10.22"]

1. c4 Nf6 2. Nc3 Nc6 3. g3 e5 4. Bg2 g6 5. e4 Bg7 6. Nge2 d6 7. d3 Nd4 8. Nxd4
exd4 9. Ne2 Nd7 10. O-O O-O 11. f4 f5 12. exf5 gxf5 13. Kh1 Re8 14. Ng1 Qe7 15.
Bd2 Nc5 16. Bb4 c6 17. Bxc5 dxc5 18. Qh5 Qf7 19. Qxf7+ Kxf7 20. Rfe1 Re3 21.
Rad1 Bd7 22. b3 Rae8 23. Nf3 Bf6 24. Kg1 Ke7 25. Rxe3+ dxe3 26. Kf1 Bd4 27. Ke2
Kd6 28. Ng5 Kc7 29. Rh1 Re7 30. Nf3 Kb6 31. Rb1 Bc3 32. Nh4 Bd4 33. Nf3 Bf6 34.
b4 Bc8 35. Ne1 cxb4 36. Rxb4+ Kc5 37. Rb3 Kd6 38. Nc2 c5 39. Na3 Kc7 40. Nb5+
Kb8 41. Nd6 Bd4 42. Bh3 Re6 43. Nxc8 Rh6 44. Bxf5 Rxh2+ 45. Kd1 Rh1+ 46. Ke2
Rh2+ 1/2-1/2

[Event "C.to Mondiale U20"]
[Site "Puerto Madryn ARG"]
[Date "2009.10.25"]
[Round "5"]
[White "Zaslavsky, Mikhail"]
[Black "Vocaturo, Daniele"]
[Result "0-1"]
[WhiteElo "2392"]
[BlackElo "2510"]
[PlyCount "80"]
[EventDate "2009.10.22"]

1. e4 e5 2. Nf3 Nc6 3. Bb5 a6 4. Ba4 Nf6 5. O-O Nxe4 6. d4 b5 7. Bb3 d5 8. dxe5
Be6 9. Nbd2 Nc5 10. c3 Bg4 11. h3 Bh5 12. Bc2 Ne6 13. Re1 Bc5 14. Nb3 Bb6 15.
a4 Rb8 16. axb5 axb5 17. Qe2 O-O 18. Bd3 b4 19. Ra4 bxc3 20. bxc3 Bg6 21. Ba3
Re8 22. Bb5 Qd7 23. Ra6 Be4 24. Nfd4 Nexd4 25. Nxd4 Nxd4 26. cxd4 c6 27. Ba4
Re6 28. Bd6 Rg6 29. g4 Rxd6 30. exd6 Qxd6 31. Rxb6 Rxb6 32. f3 Qg3+ 33. Kf1
Qxh3+ 34. Kg1 Qg3+ 35. Kf1 c5 36. Bc2 Rf6 37. Bxe4 dxe4 38. Qxe4 Rxf3+ 39. Ke2
Rf2+ 40. Kd1 Qb3+ 0-1

[Event "C.to Mondiale U20"]
[Site "Puerto Madryn ARG"]
[Date "2009.10.26"]
[Round "6"]
[White "Brunello, Sabino"]
[Black "Alvarez Ramirez, Miguel Angel"]
[Result "1-0"]
[WhiteElo "2533"]
[BlackElo "2259"]
[PlyCount "49"]
[EventDate "2009.10.22"]

1. d4 d5 2. c4 c6 3. Nf3 Nf6 4. e3 Bg4 5. Nc3 e6 6. a3 Nbd7 7. Be2 Bd6 8. c5
Bc7 9. b4 e5 10. b5 Ba5 11. Bd2 Ne4 12. Nxe4 dxe4 13. Bxa5 Qxa5+ 14. Nd2 Bxe2
15. Qxe2 O-O 16. O-O exd4 17. exd4 Nf6 18. Nxe4 Nxe4 19. Qxe4 Qa4 20. Rad1 Rad8
21. g3 Rfe8 22. Qf3 Rd5 23. Rfe1 Rxe1+ 24. Rxe1 g6 25. Qf6 1-0

[Event "C.to Mondiale U20"]
[Site "Puerto Madryn ARG"]
[Date "2009.10.27"]
[Round "7"]
[White "Margvelashvili, Giorgi"]
[Black "Vocaturo, Daniele"]
[Result "1-0"]
[WhiteElo "2509"]
[BlackElo "2510"]
[PlyCount "61"]
[EventDate "2009.10.22"]

1. d4 Nf6 2. g3 e6 3. Nf3 b6 4. Bg2 Bb7 5. c4 Be7 6. O-O O-O 7. Re1 d5 8. cxd5
exd5 9. Nc3 Na6 10. Ne5 Qc8 11. Bg5 Qe6 12. Nd3 c6 13. e4 Qd7 14. Ne5 Qd6 15.
exd5 Nxd5 16. Bxd5 Bxg5 17. Bxf7+ Rxf7 18. Ne4 Qd5 19. Nxf7 Be7 20. Ne5 c5 21.
dxc5 Qxe5 22. Nd6 Qf6 23. Nxb7 Rf8 24. Qe2 Nxc5 25. Nxc5 bxc5 26. Rf1 Qc6 27.
Rad1 h6 28. a3 a5 29. Rd2 a4 30. Qc4+ Kh8 31. Qd5 1-0

[Event "C.to Mondiale U20"]
[Site "Puerto Madryn ARG"]
[Date "2009.10.27"]
[Round "7"]
[White "Perez Ponsa, Federico"]
[Black "Brunello, Sabino"]
[Result "1/2-1/2"]
[WhiteElo "2422"]
[BlackElo "2533"]
[PlyCount "109"]
[EventDate "2009.10.22"]

1. e4 e5 2. Nf3 Nc6 3. Bb5 a6 4. Ba4 Nf6 5. O-O Be7 6. d3 b5 7. Bb3 O-O 8. Re1
d6 9. c3 Na5 10. Bc2 c5 11. Nbd2 Re8 12. Nf1 h6 13. Ng3 Bf8 14. d4 Nc6 15. d5
Ne7 16. Nh4 g6 17. a4 Bg4 18. f3 Bd7 19. Be3 Nc8 20. axb5 Nh7 21. Nxg6 fxg6 22.
bxa6 Nb6 23. Qe2 Qc7 24. b4 cxb4 25. cxb4 Reb8 26. Bd3 Na4 27. Rec1 Qd8 28. b5
Nc5 29. Bc4 Qb6 30. Rab1 Nf6 31. Qf2 Be8 32. Nf1 Nfd7 33. Nd2 h5 34. Bf1 Be7
35. Nc4 Qd8 36. Qd2 Rb6 37. Na5 Bf8 38. Nc6 Qf6 39. Bg5 Qg7 40. Qa5 Nb7 41. Qd2
Nbc5 42. h4 Kh7 43. g3 Qf7 44. Qe3 Bg7 45. Nd8 Qg8 46. Nc6 Qf7 47. Bh3 Bf6 48.
Bf1 Kg7 49. Na5 Qe7 50. Bh6+ Kh7 51. Qd2 Qf7 52. Be3 Bd8 53. Be2 Qf8 54. Nc4
Rbb8 55. Kg2 1/2-1/2

[Event "C.to Mondiale U20"]
[Site "Puerto Madryn ARG"]
[Date "2009.10.29"]
[Round "8"]
[White "Stella, Andrea"]
[Black "Maldonado, Federico"]
[Result "1-0"]
[WhiteElo "2330"]
[BlackElo "2003"]
[PlyCount "44"]
[EventDate "2009.10.22"]

1. d4 Nf6 2. c4 d6 3. Nc3 g6 4. e4 Bg7 5. Be2 O-O 6. Nf3 e5 7. O-O Nc6 8. d5
Ne7 9. Nd2 a5 10. a3 Nd7 11. Rb1 f5 12. b4 Rf7 13. Qc2 axb4 14. axb4 Nf6 15. f3
f4 16. c5 g5 17. b5 b6 18. cxb6 cxb6 19. Nc4 Ng6 20. Na4 Rb8 21. Bd2 Bf8 22.
Ncxb6 Rxb6 1-0